El liceo experimental Manuel de Salas : (Registro nro. 12025)
[ vista simple ]
| 000 -CABECERA | |
|---|---|
| campo de control de longitud fija | 00717cam a2200181 a 4500 |
| 001 - NÚMERO DE CONTROL | |
| campo de control | 000012368 |
| 005 - FECHA Y HORA DE LA ÚLTIMA TRANSACCIÓN | |
| campo de control | 20200929163020.0 |
| 008 - DATOS DE LONGITUD FIJA--INFORMACIÓN GENERAL | |
| campo de control de longitud fija | 840808t19831982cl a b f001 0 spa |
| 040 ## - FUENTE DE LA CATALOGACIÓN | |
| Centro catalogador/agencia de origen | DO-SdBNP |
| Lengua de catalogación | spa |
| Centro/agencia transcriptor | BNPHU |
| 082 ## - NÚMERO DE LA CLASIFICACIÓN DECIMAL DEWEY | |
| Número de clasificación | 373 |
| Número de documento/Ítem | B276L |
| 100 1# - ENTRADA PRINCIPAL--NOMBRE DE PERSONA | |
| Nombre de persona | Barrios Tirado, Florenica. |
| 9 (RLIN) | 29057 |
| 245 13 - MENCIÓN DE TÍTULO | |
| Título | El liceo experimental Manuel de Salas : |
| Resto del título | un aporte de la Universidad de Chile a la educación nacional / |
| Mención de responsabilidad, etc. | Florencia Barrios Tirado. |
| 260 ## - PUBLICACIÓN, DISTRIBUCIÓN, ETC. | |
| Lugar de publicación, distribución, etc. | Santiago, (Chile) : |
| Nombre del editor, distribuidor, etc. | Universidad de Chile, |
| Fecha de publicación, distribución, etc. | 1983. |
| 300 ## - DESCRIPCIÓN FÍSICA | |
| Extensión | 243 p. : |
| Otras características físicas | il. ; |
| Dimensiones | 23 cm. |
| 504 ## - NOTA DE BIBLIOGRAFÍA, ETC. | |
| Nota de bibliografía, etc. | Incluye referencias bibliográficas. |
| 650 #4 - PUNTO DE ACCESO ADICIONAL DE MATERIA--TÉRMINO DE MATERIA | |
| Término de materia o nombre geográfico como elemento de entrada | Educación secundaria |
| Subdivisión geográfica | Chile |
| 9 (RLIN) | 29058 |
| 650 #4 - PUNTO DE ACCESO ADICIONAL DE MATERIA--TÉRMINO DE MATERIA | |
| Término de materia o nombre geográfico como elemento de entrada | Educación |
| Subdivisión geográfica | Chile |
| Subdivisión general | Métodos experimentales |
| -- | Casos de estudios |
| 9 (RLIN) | 29059 |
| Estado de retiro | Estado de pérdida | Restricciones de uso | No para préstamo | Código de colección | Localización permanente | Ubicación/localización actual | Ubicación en estantería | Fecha de adquisición | Número de inventario | Total de préstamos | Signatura topográfica completa | Código de barras | Fecha visto por última vez | Precio válido a partir de | Tipo de ítem Koha |
|---|---|---|---|---|---|---|---|---|---|---|---|---|---|---|---|
| Préstamo interno | Monografías: Libros y Folletos | General | General | En catalogación | 11.11.2009 | LF1 | 373 B276L | 12368-10 | 25.06.2020 | 25.06.2020 | Préstamo interno |
